Statystyki dla Zgadnij rysowane państwa

Kliknij tutaj aby rozwiązać quiz!

Ogólne statystyki

  • Ten quiz został rozwiązany 29 373 razy
  • Średni wynik to 5 z 16

Odpowiedzi na mapie

Odpowiedzi skodowane kolorowo w zielono-czerwonej skali na mapie do tego quizu, zgodnie z poniższymi procentami.
 

Statystyki odpowiedzi

% Poprawnych
Egipt
51%
Norwegia
50%
Włochy
49%
Chile
48%
Polska
48%
Hiszpania
47%
Niemcy
47%
Rosja
47%
Stany Zjednoczone
47%
Wielka Brytania
47%
Austria
46%
Czechy
46%
Islandia
46%
Australia
45%
Francja
45%
Indie
45%
Japonia
45%
Republika Południowej Afryki
45%
Chorwacja
44%
Maroko
44%
Turcja
44%
Wietnam
44%
Grecja
43%
Irlandia
43%
Kuba
43%
Meksyk
43%
Szwajcaria
43%
Ukraina
43%
Brazylia
42%
Cypr
42%
Holandia
42%
Albania
41%
Chiny
41%
Kazachstan
41%
Libia
41%
Mali
41%
Nowa Zelandia
41%
Portugalia
41%
Szwecja
41%
Tajlandia
41%
Dania
40%
Finlandia
40%
Litwa
40%
Madagaskar
40%
Łotwa
39%
Somalia
39%
Watykan
39%
Demokratyczna Republika Konga
38%
Bułgaria
37%
Iran
37%
Izrael
37%
Laos
37%
Mołdawia
37%
Papua-Nowa Gwinea
37%
Arabia Saudyjska
36%
Argentyna
36%
Czad
36%
Monako
36%
Pakistan
36%
Sri Lanka
36%
Bangladesz
35%
Bośnia i Hercegowina
35%
Mjanma
35%
Niger
35%
Senegal
35%
Belgia
34%
Estonia
34%
Etiopia
34%
Gambia
34%
Irak
34%
Słowenia
34%
Syria
34%
Algieria
33%
Angola
33%
Gruzja
33%
Jordania
33%
Namibia
33%
Nepal
33%
Oman
33%
Peru
33%
Uzbekistan
33%
Wenezuela
33%
Zjednoczone Emiraty Arabskie
32%
Malezja
31%
Mauretania
31%
Tajwan
31%
Benin
30%
Korea Północna
30%
Korea Południowa
30%
Tunezja
30%
Afganistan
29%
Malta
29%
Panama
29%
Jemen
28%
Malawi
28%
Azerbejdżan
27%
Gabon
27%
Kolumbia
27%
Mozambik
27%
Paragwaj
26%
Erytrea
25%
Ghana
25%
Haiti
25%
Zambia
25%
Kamerun
24%
Sudan Południowy
24%
Wybrzeże Kości Słoniowej
24%
Kenia
23%
Kuwejt
23%
Nigeria
23%
Republika Środkowoafrykańska
23%
Tadżykistan
23%
Tanzania
23%
Togo
23%
Botswana
21%
Gujana
21%
Liberia
21%
Nikaragua
21%
Jamajka
20%
Trynidad i Tobago
20%
Armenia
19%
Boliwia
19%
Gwinea
19%
Kirgistan
19%
Kongo
19%
Zimbabwe
19%
Ekwador
17%
Gwatemala
17%
Katar
17%
Liban
17%
Belize
16%
Kostaryka
16%
Urugwaj
16%
Sierra Leone
15%
Honduras
14%
Dominikana
13%
Lesotho
13%
Brunei
11%
Burundi
11%
Dżibuti
11%
Salwador
11%

Rozkład punktacji

Percentyl według liczby udzielonych odpowiedzi

Procent ludzi z każdym wynikiem

Twoja historia wyników

Nie rozwiązałeś tego quizu